| 000 | 01179nam a22002537a 4500 | ||
|---|---|---|---|
| 005 | 20170124103140.0 | ||
| 010 | _aB-064447 | ||
| 020 |
_c300.00 _a8173153728 |
||
| 035 | _aB-064447 | ||
| 037 | _bCen Lib/Ret | ||
| 040 |
_aDPL _bHN |
||
| 082 |
_a821.08 _bछन्दछ |
||
| 245 |
_aछन्द छन्द पर कुकुडम : _cसंपादक वागीश शुल्क _bराम की शक्ति पूजा की टीका / |
||
| 246 |
_aChhand chhand par kukudaam : ram ki shakti puja ki tika _bsampadak Vaagish Shulk |
||
| 260 |
_aनई दिल्ली _bप्रभात प्रकाशन _c2002 |
||
| 270 |
_a4/19,आसफ अली रोड _bनई दिल्ली _e110002 |
||
| 300 |
_aIx,245पृष्ठ. _c20सेमी(सजिल्द) |
||
| 650 |
_aहिंदी साहित्य _985426 |
||
| 650 |
_aराम की शक्ति पूजा - टीका _985427 |
||
| 650 |
_ahindi literature _985428 |
||
| 650 |
_aRam Power Worship - Commentary _985429 |
||
| 700 |
_aशुल्क, वागीश _985430 |
||
| 942 |
_2ddc _cHN _h821.08 _mछन्दछ |
||
| 999 |
_c119530 _d119530 |
||